Gaming Quiz

Random Gaming Quiz

Portal Characters Quiz Stats

 Plays Quiz not verified by Sporcle

Score 0/8 Timer 03:00
0 Plays Today
% Correct
GLaDOS
99.4%
Wheatley
77.1%
Turrets
14.6%
Anger Core
7.4%
Curiosity Core
6.8%
Mortality Core
2.2%
Logic (Cake) Core
2.2%
1.2%

You're not logged in!

Compare scores with friends on all Sporcle quizzes.
OR
Log In

Show Comments

Extras

Created Nov 25, 2011ReportNominate
Tags:character, portal

Top Quizzes Today


Score Distribution

Your Account Isn't Verified!

In order to create a playlist on Sporcle, you need to verify the email address you used during registration. Go to your Sporcle Settings to finish the process.

Report this User

Report this user for behavior that violates our Community Guidelines.

Details: